|
|
|
|
| LEADER |
00000nas a2200000 a 4500 |
| 001 |
ssj0001544 |
| 003 |
WaSeSS |
| 005 |
20200512172242.0 |
| 006 |
m d |
| 007 |
cr n |
| 008 |
010215c19609999enkqr p s o 0 a0eng c |
| 010 |
|
|
|a 2001214650
|
| 015 |
|
|
|a GBB350780
|2 bnb
|
| 016 |
7 |
|
|a 2047513-5
|2 DE-600
|
| 016 |
7 |
|
|a 013466661
|2 Uk
|
| 022 |
|
|
|a 1533-8525
|l 0038-0253
|y 0038-0253
|
| 035 |
|
|
|a (WaSeSS)ssj0001544
|
| 037 |
|
|
|b University of California Press, 2000 Center St., Ste. 303, Berkeley, CA 94704-1223
|c $160.00 (institution)
|
| 040 |
|
|
|a NSD
|b eng
|e pn
|c NSD
|d OCLCQ
|d NSD
|d OCLCQ
|d HNK
|d EYM
|d HUL
|d OCLCQ
|d DLC
|d OCLCF
|d OCLCQ
|d DEBBG
|d AU@
|d UX0
|d OCLCE
|d CUS
|d OCLCO
|d AUD
|d VT2
|d OCLCQ
|d OCLCO
|d CUS
|d OCLCA
|d NLE
|d OCLCA
|d U3W
|d GILDS
|d OCLCO
|d WYU
|d UKMGB
|d OCLCA
|d OCLCQ
|d OCLCO
|d LEAUB
|d DLC
|d WaSeSS
|
| 042 |
|
|
|a nsdp
|a pcc
|a dlr
|
| 050 |
0 |
0 |
|a HM403
|
| 050 |
1 |
4 |
|a HM1
|
| 060 |
0 |
0 |
|a W1
|b SO879C
|
| 082 |
1 |
0 |
|a 301
|2 13
|
| 222 |
|
0 |
|a Sociological quarterly
|b (Online)
|
| 245 |
0 |
4 |
|a The sociological quarterly
|h [electronic resource].
|
| 246 |
1 |
|
|a SQ
|f <autumn 1972->
|
| 246 |
1 |
|
|a TSQ
|
| 260 |
|
|
|a Carbondale, IL :
|b Southern Illinois University Press
|
| 260 |
3 |
|
|3 <2017-> :
|a [Abingdon] :
|b Routledge, Taylor & Francis
|
| 310 |
|
|
|a Quarterly
|
| 362 |
1 |
|
|a Began with vol. 1, no. 1 (Jan. 1960).
|
| 500 |
|
|
|a Published: Columbia, MO : University of Missouri-Columbia, summer 1969-spring 1978; Carbondale, IL : Southern Illinois University Press, summer 1978-1984; Greenwich, CT : JAI Press, 1985-1994; Berkeley, CA : University of California Press, 1995-2004; Malden, MA : Blackwell Pub., 2005-
|
| 506 |
|
|
|a License restrictions may limit access.
|
| 538 |
|
|
|a Master and use copy. Digital master created according to Benchmark for Faithful Digital Reproductions of Monographs and Serials, Version 1. Digital Library Federation, December 2002.
|u http://purl.oclc.org/DLF/benchrepro0212
|5 MiAaHDL
|
| 583 |
1 |
|
|a digitized
|c 2010
|h HathiTrust Digital Library
|l committed to preserve
|2 pda
|5 MiAaHDL
|
| 588 |
|
|
|a Description based on first issue; title from cover (JSTOR, viewed Oct. 31, 2007).
|
| 588 |
|
|
|a Latest issue consulted: Vol. 61, issue 2 (2020) (Taylor & Francis website, viewed Apr. 1, 2020).
|
| 650 |
|
0 |
|a Sociology
|v Periodicals.
|
| 650 |
|
2 |
|a Sociology.
|
| 650 |
|
6 |
|a Sociologie
|v Périodiques.
|
| 650 |
|
7 |
|a Sociology.
|2 fast
|0 (OCoLC)fst01123875
|
| 650 |
1 |
7 |
|a Sociologie.
|2 gtt
|
| 655 |
|
0 |
|a Electronic journals.
|
| 776 |
0 |
8 |
|i Print version:
|t Sociological quarterly
|x 0038-0253
|w (DLC) 64005249
|w (OCoLC)1644316
|
| 780 |
0 |
0 |
|t Mid-west sociologist
|x 2329-2156
|w (DLC) 2009235750
|w (OCoLC)467979489
|
| 850 |
|
|
|a DLC
|
| 856 |
4 |
0 |
|z Full text available from Research Library: 01/01/2002 to 10/31/2004
|u https://search.proquest.com/publication/8029
|